000 03188nam a22002657a 4500
003 DO-SdBJH
005 20250613210819.0
008 210923b2019 dr ||||| |||| 00| 0 spa d
040 _aDO-SdBJH
_bspa
_cDO-SdBJH
041 0 _aspa
090 _aTG AAGBPFAFM
_b01704 2019
100 1 _aGarcía Reyes, Erick
_esustentante
245 1 0 _aImportancia de la automatización de los procesos y procedimientos de la Fuerza Aérea de República Dominicana FARD, durante el período 2018-2020 /
_c Erick García Reyes, Joelki García Vásquez ; asesor de contenido Ramona Méndez ; asesor metodológico Tebi Rodríguez.
260 _aSanto Domingo Este :
_bINSUDE,
_c2019.
300 _axvii, 67 páginas.
502 _aTesis y trabajo de grado (Licenciatura en Ciencias Aeronáuticas) -- Instituto Superior para la Defensa (INSUDE). -- Academia Aérea Gral. De Brigada Piloto Frank Andrés Feliz Miranda, 2019.
504 _aIncluye referencias bibliográficas e índices.
505 _aAntecedentes históricos de la automatización de los procesos y procedimientos de la Fuerza Aérea de República Dominicana, durante el periodo 2018-2020 -- Formas en que la automatización de los procesos y procedimientos mejorarían el rendimiento laboral del personal de l Fuerza Aérea de República Dominicana -- Describir los beneficios que conlleva automatizar los procesos y procedimientos para la Fuerza Aérea de República Dominicana.
520 _aLa Importancia de la automatización de los procesos y procedimientos de la Fuerza Aérea de República Dominicana es un sistema en donde se transfieren tareas de producción, realizadas habitualmente por operadores humanos a un conjunto de elementos tecnológicos. La Fuerza Aérea de la República Dominicana tiene un sistema automatizado que consta de dos partes, como lo son: La parte de operativa es la parte que actúa directamente sobre la máquina. Son los elementos que hacen que la computadora se mueva y realice la operación deseada. La parte de mando suele ser un autómata programable (tecnología programada), aunque hasta hace poco se utilizaban tarjetas automáticas o módulos neumáticos. En un sistema de fabricación automatizado el autómata programable está en el centro del sistema. Este debe ser capaz de comunicarse con todos los constituyentes de sistema automatizado. Esta medida y otras especificaciones marcan el inicio de mejorar la productividad de la institución, reduciendo los costes de la producción, mejorando la calidad del personal y supliendo los trabajos penosos e incrementando la seguridad de la Data institucional. La automatización como proceso ha sido una de las mayores creaciones del hombre, pues a partir de sus resultados se han logrado disminuir significativamente fallas de tipo humano, así como se han mejorado los niveles de producción, y sus mismos niveles de vida.
700 1 _a García Vásquez, Joelki
_esustentante
700 1 _aRamona Méndez,
_easesor de contenido
700 1 _aRodríguez, Tebi
_easesor metodológico
830 _aINSUDE. Academia Aérea Gral. De Brig. Pil. Frank Andrés Feliz Miranda. Tesis y disertaciones académicas
942 _2CL
_cT
999 _c6605
_d6605